|
|
|
|
| LEADER |
00937nam a2200241 a 4500 |
| 001 |
GR-Antirio1130 |
| 008 |
150302s1997 gr g 000 0 eng d |
| 020 |
|
|
|a 0879304707
|
| 040 |
|
|
|a GrPaTEI
|b gre
|c GR-PaULI
|
| 040 |
|
|
|a GrPaTEI
|b gre
|c GR-PaULI
|
| 082 |
|
0 |
|a 005.4469
|2 22
|
| 245 |
0 |
0 |
|a UNIX performance tuning.
|
| 260 |
|
|
|a Lawrence, Kansas (R&D Books),
|c 1997
|
| 300 |
|
|
|a viii, 230 σ. :
|b εικ. +
|e 1 computer disk
|
| 490 |
0 |
|
|a Sys Admin essential reference series
|
| 504 |
|
|
|a Includes bibliographical references
|
| 630 |
0 |
0 |
|a UNIX (Computer file)
|
| 650 |
|
0 |
|a Operating systems (Computers)
|
| 710 |
0 |
|
|a R&D Books
|
| 942 |
|
|
|2 ddc
|
| 952 |
|
|
|0 0
|1 0
|2 ddc
|4 0
|6 005_446900000000000_UNI
|7 0
|9 262997
|a LISK-2
|b LISK-2
|c BSC
|d 2021-01-17
|e 24
|f 0
|g 0.00
|l 0
|o 005.4469 UNI
|p 2430000008797
|r 2021-01-17 00:00:00
|t 1
|w 2021-01-17
|y BK15
|x 20150302 0 ΧΑΣΑΝΗ 1
|x GrPaTEI - Antirrio
|
| 971 |
|
|
|a .b2570929x
|b 15-04-20
|c 12-09-16
|
| 999 |
|
|
|c 151456
|d 151456
|